| 000 | 00642nam a2200229Ia 4500 | ||
|---|---|---|---|
| 003 | OSt | ||
| 005 | 20221006141643.0 | ||
| 006 | a|||||r|||| 00| 0 | ||
| 007 | ta | ||
| 008 | 221006b |||||||| |||| 00| 0 eng d | ||
| 024 | _a3,711 | ||
| 037 |
_bGift, Japan Foundation _cTextual |
||
| 040 |
_aEASL _cEASL _beng |
||
| 041 |
_2eng _aeng |
||
| 082 | _aP42, fL0 | ||
| 100 |
_aITAMI Reiko _9645976 |
||
| 245 | 0 | _aJapanese in pictures | |
| 260 |
_aTokyo _bJapanese Language Promotion Center Japan _c1970 |
||
| 300 |
_a80p. _ccm. |
||
| 942 |
_hP42, fL0 _cTEXL _2CC |
||
| 999 |
_c1071797 _d1071797 |
||